000 00404nam a2200181Ia 4500
001 945
005 20260306140555.0
008 260306t2014||||xx |||||||||||||| ||spa||
041 _aESP
082 _a174.4
_bM12
100 _aMackey, John
_eAUT
245 0 _aConscious capitalism
260 _c2014
300 _a344 páginas :
_c21 cm.
650 _aGEN
654 _aCHU
942 _cLIB
_dJUS
_fJUS
_2ddc
_n
999 _c945
_d945